| 000 | 00522nam a22001217a 4500 | ||
|---|---|---|---|
| 999 |
_c4603 _d235107 |
||
| 080 | _a347.728 C 588 | ||
| 245 | _aComparativo de Nulidades y Responsabilidad Derecho Civil Administrativo y Societario | ||
| 260 |
_aMar del Plata _bUniversidad nacional de Mar del Plata: Facultad de Derecho: SecretarÃa de Posgrado |
||
| 300 | _a61 P. | ||
| 650 |
_xderecho civil _xderecho administrativo _xderecho societario _xresponsabilidad _xsociedades anonimas _xjurisprudencia _xdoctrina _xnulidades |
||
| 942 | _6_ | ||
| 945 |
_acd _d2017-08-30 |
||